000 01078nac a22003497a 4500
001 BR9400119
003 BR-BrBNA
005 20240105121508.0
008 230509b bl.|||m| |||| 00| 0 por d
040 _aBR-BrBNA
_bpor
_cBiblioteca Nacional de Agricultura
072 _aL10; L02; L51
090 _a5214 BR9400119
100 1 _aLima Filho, A.B. de
100 1 _aMelo, L.A.S.
110 1 _aCentro de Pesquisa Agroflorestal da Amazonia, Manaus, AM (Brasil)
_91528
245 1 _aDiagnostico da pecuaria bovina do Estado do Amazonas
260 3 _aManaus, AM (Brasil):
_c1990.
300 _a58 p.
490 _aDocumentos - Centro de Pesquisa Agroflorestal da Amazonia (Brazil)
_vno. 3
_x
500 _a14 tables; 10 ref.
650 _aGado Leiteiro
650 _aGado de Corte
650 _aPesquisa Pecuaria
650 _aSolo
650 _aEconomia Agricola
650 _aMelhoramento Genetico Animal
650 _aAbate
650 _aNutricao Animal
650 _aAmazonas
909 _a202312
_bLúcia Elande
_c55
_dLúcia Elande
942 _2AGRIS
_n0
_cMS
999 _c285627
_d285627